Ultimate Colors Quiz - Statistics

General Stats
  • This quiz has been taken 883 times
  • The average score is 13 of 15
Answer Stats
Picture Answer % Correct
Red
100%
Black
99%
Blue
99%
Green
99%
Orange
99%
Yellow
99%
Brown
97%
Gray
97%
Purple
97%
Pink
96%
White
92%
Beige/Tan
63%
Gold
55%
Cyan
54%
Silver
44%
No matching quizzes found
Score Distribution
Percent of People with Each Score
Percentile by Number Answered
Your Score History
You have not taken this quiz